Missing Word: Tim Burton Films Quiz Stats

Quiz Updated Mar 5, 2016

Challenge
Share
Tweet
Embed
Score 0/12 Timer 01:00
1 Play Today
Film Missing Word % Correct
______ ScissorhandsEdward
98.6%
_____ in WonderlandAlice
97.3%
Planet of the ____Apes
97.1%
_______ and the Chocolate FactoryCharlie
96.1%
James and the _____ PeachGiant
95%
The _________ Before ChristmasNightmare
88.3%
Sleepy ______Hollow
87.3%
Pee-Wee's Big _________Adventure
84.8%
Corpse _____Bride
77.2%
____ Attacks!Mars
69.2%
______ ReturnsBatman
64.2%
Ed ____Wood
40.7%

Today's Daily Dose

Missing Word
1998 A-Z Movies

Word Ladder
5 Vowel Sounds

Quick Pick
Legal Terms

On This Day
June 25th II

You're not logged in!

Compare scores with friends on all Sporcle quizzes.
Join for Free
OR
Log In

You Might Also Like...

Show Comments

Extras

Top Quizzes Today


Score Distribution

Your Account Isn't Verified!

In order to create a playlist on Sporcle, you need to verify the email address you used during registration. Go to your Sporcle Settings to finish the process.

Report this User

Report this user for behavior that violates our Community Guidelines.

Details: